| 000 | 00933nam a2200289 a 4500 | ||
|---|---|---|---|
| 001 | vtls000287221 | ||
| 003 | NLI | ||
| 005 | 20210602130416.0 | ||
| 008 | 101203s1999 enk 000 0 eng | ||
| 039 | 9 |
_y201012031904 _zVLOAD |
|
| 040 | 0 |
_aNLI _beng _cEntertech-FY 2010 _eAACR2 |
|
| 041 | 0 | _aeng | |
| 044 | _aenk | ||
| 082 | 0 | 4 | _a332.646 |
| 245 | 0 | 0 |
_aIssues in derivative instruments / _cedited by Edward J. Swan |
| 260 |
_aLondon : _bKluwer Law International, _c1999 |
||
| 300 |
_axii, 204 p. ; _c25 cm. |
||
| 500 | _a"Institute of Advanced Legal Studies." | ||
| 650 | 0 |
_aDerivative securities _xLaw and legislation _9444510 |
|
| 700 | 1 |
_aSwan, Edward J., _4edt _9444511 |
|
| 710 | 1 |
_aUniversity of London. _bInstitute of Advanced Legal Studies _9391085 |
|
| 887 | _a | ||
| 901 |
_a535993 _b24.5.2000 |
||
| 902 | _aE/O 332.646 Is 7 | ||
| 949 |
_AVIRTUAITEM _D10000 _X100 _6PUR000535993ENG |
||
| 942 |
_2ddc _cBKS |
||
| 999 |
_aVIRTUA40 _c246306 _d246306 |
||